| 000 | 00950 a2200205 4500 | ||
|---|---|---|---|
| 003 | Nust | ||
| 005 | 20221209173039.0 | ||
| 010 | _a 2005041065 | ||
| 020 | _a0849329604 (alk. paper) | ||
| 040 | _cNust | ||
| 082 | 0 | 0 | _a621.382,HEL |
| 100 | 1 |
_aHeld, Gilbert, _936816 |
|
| 245 | 1 | 0 |
_aWireless mesh networks / _cGilbert Held. |
| 260 |
_aBoca Raton, FL : _bAuerbach Publications, _c2005. |
||
| 300 |
_axv, 144 p. : _bill. ; _c25 cm. |
||
| 505 | _aIntroduction to Wireless Mesh Networking (Page-1), Radio Frequency Utilization (Page-21), Mesh Network Components (Page-43), Routing Protocols (Page-59), Network Operation (Page-83), Creating a Hotpoint Based Mesh Network (Page-105), Wireless Mesh Standards (Page-131), The Future of Wireless Mesh Networking (Page-137). | ||
| 650 | 0 |
_aTelecommunications engineering. _958485 |
|
| 856 | 4 | 2 |
_3Publisher description _uhttp://www.loc.gov/catdir/enhancements/fy0647/2005041065-d.html |
| 942 |
_2ddc _cBK |
||
| 999 |
_c178690 _d178690 |
||